Come On Eileen - Dexys Midnight Runners (Lyrics) - Statistics

General Stats
  • This quiz has been taken 66 times
  • The average score is 177 of 300
Answer Stats
Lyrics % Correct
Come
96%
come
96%
Eileen
96%
Eileen,
96%
I
96%
on,
96%
on
96%
a
93%
You
91%
you
91%
you,
91%
Oh,
84%
oh
84%
me
78%
to
78%
in
76%
In
76%
ever
73%
everything
73%
My
73%
my
73%
the
73%
we
73%
We
73%
And
71%
and
71%
that
71%
That
71%
dress
69%
So
69%
so
69%
swear
69%
confess
67%
this
67%
mean
64%
too
62%
thoughts,
60%
thoughts
60%
At
58%
dirty
58%
Johnnie
58%
moment
58%
just
53%
Just
53%
can
51%
grown
51%
Now
51%
now
51%
Our
51%
our
51%
Poor
51%
Ray
51%
are
49%
old
49%
radio
49%
them?
49%
hearts
47%
Well,
47%
you're
47%
But
44%
here
44%
say
44%
sing
44%
than
44%
These
44%
Verge
44%
young
44%
have
42%
is
42%
million
42%
more
42%
mothers
42%
not
42%
they
42%
what
42%
blame
40%
clever
40%
cried
40%
like
40%
must
40%
Take
40%
upon
40%
Were
40%
Sang
38%
who'd
38%
You've
38%
mono
36%
off
36%
'round
36%
sad
36%
Said,
36%
said,
36%
shown
36%
us
36%
Ah,
33%
all
33%
along,
33%
far
33%
forever
33%
people
33%
down,
31%
fathers
31%
let's
31%
their
31%
Moved
29%
pretty
29%
Sounded
29%
They're
29%
they're
29%
face
27%
How
27%
hum
27%
If
27%
tune
27%
know
24%
red
24%
things
24%
Things
24%
feel
22%
fate
20%
sunk
20%
beaten
18%
eyes
18%
resigned
18%
smoke-dried
18%
those
18%
Too-ra-loo-ra
18%
too-ra-loo-ra
18%
you'll
18%
believe
16%
night
16%
please
16%
changed
13%
endearing
13%
gone
13%
fairy
11%
gaze
11%
gifts
11%
leave
11%
sky
11%
today
11%
Too-ra-loo-rye-ay
11%
Whoa
11%
fondly
9%
real
9%
suddenly
9%
chums
7%
fly
7%
full
4%
No matching quizzes found
Score Distribution
Percent of People with Each Score
Percentile by Number Answered
Your Score History
You have not taken this quiz